1504 1365 1779 1563 1224 1973 1415 1462 1184 1024 1162 1399 1969 1732 1205 1723 1243 1520 1034 1874 1046 1868 1595 1158 1197 1516 1145 1522 1251 1709 1489 1166 1520 1756 1769 1812 1474 1276 1007 1849 1619 1565 1280 1879 1340 1989 1019 1562 1841 1092 1947 1424 1583 1490 1135 1797 1705 1518 1447 1517 1985 1617 1661 1542 1497 1109 1539 1865 1234 1713 1694 1123 1871 1384 1038 1105 1407 1026 1902 1568 1203 1842 1211 1865 1060 1815 1087 1153 1581 1275 1438 1642 1103 1912 1236 1403 1158 1181 1952 BCNSPRNW ULIB Ver.6.0+V

เปลี่ยนเป็นภาษาไทย

Change to English
 แสดงรายละเอียดบรรณานุกรม
  กลับหน้าหลัก

Brief Record : Get Marc (ISO 2709) : E-mail record : QR code < ปิดหน้าต่าง
LEADER : 00000nam 2200000uu 4500
001    13399121080
003     ULIB
008    020711s2553 th a 000 0 tha d
020    9749216202
090    นว.^bซ471ก
100    Susan Donovan, ผู้เขียน เจ้าขา,ผู้แปล
245    เก็บเธอไว้ให้หัวใจกรุ่นรัก=Knock me off my feet
260    กรุงเทพฯ :^bคิวปิดพัลลิชชิ่ง,^c2553
300    263 หน้า
945    ^p189^l0^i19552
999    ^aทศพร เกษรทอง
รายการนี้ยังไม่มีแท็ก
คุณยังไม่ได้ล็อกอิน คุณสามารถมีกิจกรรมร่วมกับเว็บไซต์ได้ แต่ต้องล็อกอินก่อน ::
  ล็อกอิน

รายการสื่อสารสนเทศ

ลำดับที่ ประเภท เลขเรียก/บาร์โค้ด สถานที่ สถานะ
1. นวนิยาย
นวนิยาย
นว. ซ471ก  
  Barcode: 19552
ห้องสมุดวิทยาเขตสวรรค์ประชารักษ์
►นวนิยาย
บนชั้น
  ขอยืม

BibComment


ยังไม่เคยถูกคอมเมนท์

คอมเมนท์ทรัพยากรรายการนี้
  คอมเมนท์: เก็บเธอไว้ให้หัวใ..


 Copyright 2026. Bcnsprnw @Library